Statistics for Aston Villa Premier League XIs

Click here to take the quiz!

General Stats

  • This quiz has been taken 480 times
    (370 since last reset)
  • The average score is 94 of 298

Answer Stats

PositionAnswer% Correct
GKEmiliano Martínez
87%
STOllie Watkins
86%
DFTyrone Mings
79%
MFJack Grealish
75%
MFJohn McGinn
72%
MFDouglas Luiz
69%
DFMatthew Cash
68%
MF | STAshley Young
67%
DFLuke Young
67%
STGabby Agbonlahor
64%
MF | STGabriel Agbonlahor
64%
DFEzri Konsa
62%
STDanny Ings
58%
MFGareth Barry
55%
STLeon Bailey
55%
STDarren Bent
54%
MFJames Milner
53%
GKBrad Friedel
52%
DFMicah Richards
50%
STDwight Yorke
48%
MFEmiliano Buendía
47%
MFJacob Ramsey
45%
DFMatt Targett
41%
GKBrad Guzan
40%
STChristian Benteke
40%
GKMark Bosnich
40%
DFAlan Wright
39%
STJohn Carew
38%
DFRichard Dunne
36%
MFIan Taylor
35%
DFOlof Mellberg
35%
GKDavid James
34%
DFPaul McGrath
34%
MFStiliyan Petrov
34%
GKThomas Sørensen
34%
MFStewart Downing
33%
STDalian Atkinson
32%
STDion Dublin
32%
DFGareth Southgate
32%
STDean Saunders
31%
STJuan Pablo Ángel
31%
GKShay Given
31%
DFSteve Staunton
31%
DFUgo Ehiogu
30%
STEmile Heskey
29%
GKPeter Schmeichel
29%
MFAndy Townsend
28%
MFKevin Richardson
28%
DFAlan Hutton
27%
STDarius Vassell
27%
GKNigel Spink
27%
MFBertrand Traoré
26%
GKTom Heaton
26%
MFAnwar El Ghazi
25%
MFLee Hendrie
25%
STSavo Milošević
25%
STWesley Moraes
25%
DFJoleon Lescott
23%
STStan Collymore
23%
MFFabian Delph
22%
MFSteve Davis
22%
DFMartin Laursen
21%
MFPaul Merson
21%
STAndreas Weimann
20%
DFCurtis Davies
20%
MFMark Draper
20%
MFRoss Barkley
20%
DFGary Cahill
19%
DFJames Collins
19%
MFSteve Stone
19%
MFGarry Parker
18%
STJulian Joachim
18%
STMilan Baroš
18%
DFRon Vlaar
18%
DFStephen Warnock
17%
MFCharles N'Zogbia
16%
DFCiaran Clark
16%
DFMark Delaney
16%
MFMarvelous Nakamba
16%
MFNigel Reo-Coker
16%
MFAshley Westwood
15%
DFCarlos Cuéllar
15%
DFGary Charles
15%
MFMarc Albrighton
15%
DFAaron Hughes
14%
MFIdrissa Gueye
14%
STJordan Ayew
14%
STKevin Phillips
14%
GKMichael Oakes
14%
MFThomas Hitzlsperger
14%
DFShaun Teale
13%
DFEarl Barrett
12%
DFJlloyd Samuel
12%
DFMatthew Lowton
12%
GKPeter Enckelman
12%
GKScott Carson
12%
MFGeorge Boateng
11%
MFNolberto Solano
11%
DFSteve Watson
11%
DFAlpay
10%
DFFernando Nelson
10%
DFJores Okore
10%
DF | MFLeandro Bacuna
10%
MFMustapha Hadji
10%
DFNathan Baker
10%
MFRay Houghton
10%
STScott Sinclair
10%
MFTom Cleverley
10%
DFLiam Ridgewell
9%
DFZat Knight
9%
MFJordan Veretout
8%
DFWilfred Bouma
8%
DFAly Cissokho
6%
MFGavin McCann
6%
MFKarim El Ahmadi
6%
MFPeter Whittingham
6%
DFRonny Johnsen
6%
DFFrédéric Guilbert
5%
DFJoe Bennett
5%
MFSimon Grayson
5%
DFUlises de la Cruz
5%
MFChris Herd
4%
MFMark Kinsella
4%

Score Distribution

Percentile by Number Answered

Percent of People with Each Score

Your Score History

You have not taken this quiz since the last reset